Khrushchev remembers / (Record no. 22710)
[ view plain ]
| 000 -LEADER | |
|---|---|
| fixed length control field | 01042cam a2200265 a 4500 |
| 001 - CONTROL NUMBER | |
| control field | 22710 |
| 003 - CONTROL NUMBER IDENTIFIER | |
| rucl marc code | BD-RjUL |
| 005 - DATE AND TIME OF LATEST TRANSACTION | |
| control field | 20211209000836.0 |
| 008 - FIXED-LENGTH DATA ELEMENTS--GENERAL INFORMATION | |
| fixed length control field | 1403091s1970 cn 000 0 eng d |
| 035 ## - SYSTEM CONTROL NUMBER | |
| System control number | (BD-RjUL)22775 |
| 040 ## - CATALOGING SOURCE | |
| Original cataloging agency | ANL |
| Language of cataloging | eng |
| Transcribing agency | ANL |
| Modifying agency | DBM:G |
| 041 ## - LANGUAGE CODE | |
| Language code of text/sound track or separate title | eng |
| 082 04 - DEWEY DECIMAL CLASSIFICATION NUMBER | |
| Classification number | 947.085 |
| Author mark and year | KHK 1971 |
| 100 1# - MAIN ENTRY--PERSONAL NAME | |
| Personal name | Khrushchev, Nikita Sergeevich, |
| Dates associated with a name | 1894-1971 |
| 9 (RLIN) | 70053 |
| 245 10 - TITLE STATEMENT | |
| Title | Khrushchev remembers / |
| Statement of responsibility, etc. | with an introduction, commentary and notes by Edward Crankshaw ; Translated and edited by Strobe Talbott. |
| 260 ## - PUBLICATION, DISTRIBUTION, ETC. (IMPRINT) | |
| Place of publication, distribution, etc. | Boston, Toronto : |
| Name of publisher, distributor, etc. | Little Brown, |
| Date of publication, distribution, etc. | 1970. |
| 300 ## - PHYSICAL DESCRIPTION | |
| Pagination | xxvi, 702 p. : |
| Illustrations | illus., ports. ; |
| Size | 19 cm. |
| 500 ## - GENERAL NOTE | |
| General note | "This book is made up of material emanating from various sources at various times and in various circumstances.". |
| 650 #0 - SUBJECT ADDED ENTRY--TOPICAL TERM | |
| Topical term or geographic name as entry element | Communism |
| Geographic subdivision | Soviet Union |
| General subdivision | History |
| -- | Sources. |
| 9 (RLIN) | 70054 |
| Topical term or geographic name as entry element | World politics |
| Chronological subdivision | 1945- |
| 9 (RLIN) | 70055 |
| 651 #0 - SUBJECT ADDED ENTRY--GEOGRAPHIC NAME | |
| Geographic name | Soviet Union |
| General subdivision | Politics and government |
| Chronological subdivision | 1953-1985. |
| 9 (RLIN) | 10905 |
| 700 1# - ADDED ENTRY--PERSONAL NAME | |
| Personal name | Talbott, Strobe. |
| Personal name | Crankshaw, Edward. |
| 942 ## - ADDED ENTRY ELEMENTS (KOHA) | |
| Source of classification or shelving scheme | Dewey Decimal Classification |
| Koha item type | Books |
| Lost status | Source of classification or shelving scheme | Damaged status | Not for loan | Permanent Location | Current Location | Shelving location | Date acquired | Source of acquisition | Cost, normal purchase price | Total Checkouts | Full call number | Date last seen | Copy number | Koha item type |
|---|---|---|---|---|---|---|---|---|---|---|---|---|---|---|
| Dewey Decimal Classification | Added to bundle | Central Library, University of Rajshahi | Central Library, University of Rajshahi | Reading Room | 22/10/1990 | shaukat Osman, Dhaka | 0.00 | 947.085 KHK 1971 | 09/03/2014 | C-1 | Books |